Para narrar __ : castellano : lengua y literatura : primer curso : profesorado

Gespeichert in:
Bibliographische Detailangaben
1. Verfasser: Martínez Laínez, Ana
Weitere Verfasser: Rodríguez Gonzalo, Carmen Zayas, Felipe
Format: Buch
Sprache:Spanisch
Erschienen: Valencia : Generalitat Valenciana, 1993
Katalog:MANES:  Suchergebnis im Bibliothekskatalog
Schulbuchspezifische Eigenschaften:
Schlagworte:
Tags: Tag hinzufügen
Keine Tags, Fügen Sie den ersten Tag hinzu!
Hinzugefügt zu:09.02.2019
Geändert in:07.05.2025

MARC

LEADER 00000cam a2200000 i 4500
005 20250507134544.0
008 190210s1993 espa fp 000 0 spa d
020 |a 8448203887 
040 |a uned  |b spa  |c entro-manes 
100 1 |a Martínez Laínez, Ana  |9 40519 
245 1 0 |a Para narrar __ :   |b castellano : lengua y literatura : primer curso : profesorado /   |c autores, A. Martínez Laínez, C. Rodríguez Gonzalo, F. Zayas Hernando 
260 |a Valencia :   |b Generalitat Valenciana,   |c 1993 
300 |a 365 p. 
500 |a En port.: Secundaria Obligatoria 
546 |a España 
561 |5 es-BUNED  |3 L.T.M. 1382  |a España. Fondo Manes UNED  |k MANES 
690 0 |a LEN 
650 7 |a Manual del docente  |9 36315 
700 1 |a Rodríguez Gonzalo, Carmen  |9 40520  |a Zayas, Felipe  |9 40521 
942 |2 ddc  |c BK 
999 |c 97178  |d 97178 
999 |c manes:97178  |d 97178